000 00501nmm a2200169Ia 4500
008 251105s9999||||xx |||||||||||||||||und||
020 _a9788496357686
041 _aspa
100 _aGamboa, José Manuel
245 0 _aSernita de Jerez, ¡vamos a acordarnos! :
_b La memoria cabal de su casta
264 _a[Madrid, España] :
_bCarena Editores,
_c2007
300 _a272 páginas
490 _aFlamenco
650 _aMusic
856 _uhttps://public.digitaliapublishing.com/a/840
942 _cCF
999 _c89855
_d89855